Informe de avance en la gestión con las Juntas Administradoras de agua en la consolidación de contratos de pagos por servicios ambientales en la microcuenca de Chaina, departamento de Boyacá, Colombia (Registro nro. 6546)

Detalles MARC
000 -CABECERA
Campo de control 01291nam a2200217 a 4500
005 - FECHA Y HORA DE LA ULTIMA TRANSACCION
Campo de control 20141217144831.0
008 - ELEMENTOS DE LONGITUD FIJA—INFORMACION GENERAL
Campo de control 130808b2007 ck ||||| |||| 00| 0 spa d
040 ## - FUENTE DE CATALOGACIÓN
Agencia transcriptora CO-BoIH
041 ## - IDIOMA
Código de idioma para texto/pista de sonido o título separado Español
044 ## - PAÍS DE PUBLICACIÓN
País de publicación Colombia
090 ## - CLASIFICACIÓN LOCAL
Colección IAVH
Consecutivo 00951
100 ## - ASIENTO PRINCIPAL--NOMBRE PERSONAL
Nombre personal Borda Almanza, Carlos Andrés
245 ## - MENCION DE TITULO
Título Informe de avance en la gestión con las Juntas Administradoras de agua en la consolidación de contratos de pagos por servicios ambientales en la microcuenca de Chaina, departamento de Boyacá, Colombia
260 ## - PUBLICACION, DISTRIBUCION, ETC. (PIE DE IMPRENTA)
Lugar de publicación, distribución, etc. Villa de Leyva
Nombre del editor, distribuidor, etc. Instituto Alexander von Humboldt
Fecha de publicación, distribución, etc. 2007
300 ## - DESCRIPCION FISICA
Extensión 18 p.
520 ## - NOTA DE RESUMEN, ETC.
Nota de resumen Presenta los avances en la consolidación de acuerdos de las Juntas Administradoras de Agua con los diferentes actores locales a través de un esquema de pagos por servicios ambientales implementado en la microcuenca de Chaina, Departamento de Boyacá. Referencia los elementos constitutivos de un esquema de pagos por servicios ambientales (voluntariedad, servicio ambiental, proveedores y compradores, acuerdo vinculante, condicionalidad), la estructuración de los acuerdos vinculantes y la implementación de acuerdos
650 ## - ASIENTO SECUNDARIO DE MATERIA - TERMINO TEMATICO
Término temático o nombre geográfico como elemento de entrada Juntas administradoras de agua
650 ## - ASIENTO SECUNDARIO DE MATERIA - TERMINO TEMATICO
Término temático o nombre geográfico como elemento de entrada Pago por servicios ambientales
942 ## - ELEMENTOS ADICIONALES (KOHA)
Sistema de clasificación Local
Tipo de ítem Informe Técnico
945 ## - PROCESAMIENTO LOCAL
AAAA-MM-DD - Fecha de ingreso o modificacion 2008-09-08
Existencias
Withdrawn status Lost status Sistema de Clasificación Damaged status No para préstamo Colección Inventariado Ubicación Permanente Ubicación actual Fecha de adquisición Total Checkouts Número topográfico Inventario / Código de Barras Date last seen Ejemplar Price effective from Forma de adquisición Tipo de material
    Local     Humboldt Inventariado 2017 Bogotá Bogotá 08/09/2008   IAVH-00951 026364 09/08/2024 Ej. 1 04/12/2012   Informe Técnico